Normal view MARC view

Entry Nombre personal

Number of records used in: 1

001 - NÚMERO DE CONTROL

  • campo de control: 1095

003 - IDENTIFICADOR DE NÚMERO DE CONTROL

  • campo de control: DLC

005 - FECHA Y HORA DE LA ÚLTIMA TRANSACCIÓN

  • campo de control: 20260422102916.0

008 - ELEMENTOS DE DATO DE LONGITUD-FIJA

  • campo de control de longitud fija: 030505n| acannaabn |n aaa c

010 ## - NÚMERO DE CONTROL DE LA BIBLIOTECA DEL CONGRESO

  • Número de control de LC: no2003044467

035 ## - NÚMERO DE CONTROL DEL SISTEMA

  • Número de control de sistema: (OCoLC)oca06042064

040 ## - FUENTE DE CATALOGACIÓN

  • Centro catalogador/agencia de origen: TnLvILS
  • Lengua de catalogación: eng
  • Centro/agencia transcriptor: TnLvILS
  • Centro/agencia modificador: DLC

100 1# - ENCABEZAMIENTO-NOMBRE DE PERSONA

  • Nombre de persona: Lindstrom, Wendy

670 ## - FUENTE DE DATOS ENCONTRADOS

  • Cita de la fuente: The longing, 2003:
  • Información encontrada: t.p. (Wendy Lindstrom) p. [4] of cover (lives in upstate New York)

670 ## - FUENTE DE DATOS ENCONTRADOS

  • Cita de la fuente: Her Shades of honor, 2002:
  • Información encontrada: t.p., etc. (Wendy Lindstrom) cover, p. 3 (r. in upstate N.Y.; website: www.wendylindstrom.com; email: wlindstrom2000@yahoo.com)

670 ## - FUENTE DE DATOS ENCONTRADOS

  • Cita de la fuente: RomanceEverAfter website, July 26, 2003
  • Información encontrada: Wendy Lindstrom page (the sequel to Shades of honor (entitled The longing) will be released in April 2003)